000 01587nam0a2200337 4500
001 RU\NLR\BIBL_A\016226957
005 20250625001941.0
035 _a(NLR Aleph) 016226957
090 _a12755444
_c12755444
100 _a20221202d1968 |||y0rusy50 ca
101 0 _aukr
_arus
102 _aRU
105 _ay ac 000zb
181 0 _ai4
_baxxe
182 0 _an
200 1 _aЛ. М. Толстой i украïнська лiтература
_e(бiблiографiчний покажчик)
_fМiнiстерство культури Украïнськоï РСР, Львiвська державна наукова бiблiотека
_gсклала: Є. М. Лазеба
_gредактор: М. П. Гуменюк
203 _aТекст
_bвизуальный
_cнепосредственный
210 _aЛьвiв
_c[б. и.]
_d1968
215 _a47, [1] с.
_d20
300 _aЧасть текста рус.
309 _aРотапр. ЛДНБ
320 _aIмен. покажч.: с. 45-47
702 1 _aЛазеба
_bЄ. М.
_gЄвдокія Миколаївна
_4220
702 1 _4340
_7ca
_8ukr
_aГуменюк
_bМ. П.
_f1918-1988
_gМихайло Прокопович
_9254561
_3RU\NLR\AUTH\770254617
702 1 _aТолстой
_bЛ. М.
_f1828-1910
_gЛев Миколайович
_3RU\NLR\AUTH\770275573
_4280
712 0 2 _4570
_7ca
_8ukr
_aЛьвiвська державна наукова бiблiотека
_9787447
_3RU\NLR\AUTH\880560087
852 _aNLR
_j641/Т-53
942 _cBOOK
980 _aNB